[Event "IECC CL6-2003.22 email"]
[Site "IECC email"]
[Date "2003.10.12"]
[Round "?"]
[White "Leino, Risto"]
[Black "Vlaar, Nick T"]
[Result "1-0"]
[WhiteElo "1046"]
[BlackElo "1261"]
[PlyCount "47"]
[EventDate "2003.??.??"]
[EventType "tourn (corr)"]
[EventRounds "4"]
[SourceTitle "Corr 2008"]
[Source "ChessBase"]
[SourceDate "2008.06.24"]
[SourceVersion "1"]
[SourceVersionDate "2008.06.24"]
[SourceQuality "1"]

1. e4 e5 2. Nf3 Nc6 3. Bc4 h6 4. 0-0 Nf6 5. Nc3 d6 6. Bb5 Bd7 7. Bxc6 Bxc6 8. d3 Qe7 9. Be3 d5 10. exd5 Nxd5 11. Nxd5 Bxd5 12. c4 Bc6 13. d4 e4 14. Ne5 Bd7 15. Nxd7 Qxd7 16. Qb3 c6 17. f3 exf3 18. Rxf3 Bd6 19. c5 Bb8 20. Raf1 f6 21. Re1 Qe7 22. Bf2 a6 23. Rxe7+ Kxe7 24. Qxb7+ 1-0

[Event "IECC CL8-2003.02 email"]
[Site "IECC email"]
[Date "2003.01.27"]
[Round "?"]
[White "Ladkin, Peter"]
[Black "Leino, Risto"]
[Result "0-1"]
[WhiteElo "791"]
[BlackElo "975"]
[PlyCount "76"]
[EventDate "2003.??.??"]
[EventType "tourn (corr)"]
[EventRounds "4"]
[SourceTitle "Corr 2008"]
[Source "ChessBase"]
[SourceDate "2008.06.24"]
[SourceVersion "1"]
[SourceVersionDate "2008.06.24"]
[SourceQuality "1"]

1. e4 c5 2. Nf3 d6 3. d4 cxd4 4. Nxd4 Nf6 5. Nc3 a6 6. Bf4 e5 7. Nf5 exf4 8. Bc4 Nxe4 9. Nxe4 Bxf5 10. Nc3 Nc6 11. Bd5 Nb4 12. 0-0 Nxc2 13. Rc1 Qd7 14. Qe2+ Be7 15. Ne4 Nd4 16. Qh5 Bg6 17. Qd1 Ne6 18. Qb3 Bxe4 19. Bxe4 Nc5 20. Qf3 g5 21. Rfd1 Rc8 22. Rd5 Nxe4 23. Rcd1 Qe6 24. Qb3 Nf6 25. Qxb7 Nxd5 26. h3 g4 27. a4 0-0 28. Qxd5 Qxd5 29. Rxd5 g3 30. Kf1 Rc2 31. b4 Bh4 32. f3 Rf2+ 33. Ke1 Re8+ 34. Kd1 Rxg2 35. Rxd6 Rf2 36. Kc1 g2 37. Rd1 Rf1 38. b5 g1Q 0-1

[Event "IECC CL7-2000.54"]
[Site "IECC email"]
[Date "2000.11.23"]
[Round "?"]
[White "Leino, Risto"]
[Black "Hutton, Andrew D"]
[Result "0-1"]
[WhiteElo "964"]
[BlackElo "1158"]
[PlyCount "70"]
[EventDate "2000.??.??"]
[EventType "tourn (corr)"]
[EventRounds "4"]
[SourceTitle "Corr 2008"]
[Source "ChessBase"]
[SourceDate "2008.06.24"]
[SourceVersion "1"]
[SourceVersionDate "2008.06.24"]
[SourceQuality "1"]

1. e4 Nf6 2. Nc3 g6 3. Nf3 d6 4. Bb5+ c6 5. Ba4 Bg7 6. 0-0 Nfd7 7. d4 a5 8. Ng5 h6 9. Nh3 b5 10. Bb3 a4 11. Bxf7+ Kxf7 12. Qf3+ Ke8 13. d5 Ba6 14. Re1 Qb6 15. Nf4 Ne5 16. Qe3 Qxe3 17. Bxe3 Nc4 18. Ne6 Bxc3 19. bxc3 Kd7 20. Bf4 g5 21. Bg3 Bb7 22. dxc6+ Nxc6 23. Nd4 Nxd4 24. cxd4 Na3 25. Re2 Rac8 26. Rc1 Rc4 27. d5 Rhc8 28. c3 Rxc3 29. Rxc3 Rxc3 30. f3 Ba6 31. Be1 Rc1 32. Kf2 Rc2 33. Bb4 Rxe2+ 34. Kxe2 Nc2 35. a3 Nxa3 0-1

[Event "IECC CL7-2000.46"]
[Site "IECC email"]
[Date "2000.09.15"]
[Round "?"]
[White "Leino, Risto"]
[Black "Gordon, Scot"]
[Result "1-0"]
[WhiteElo "971"]
[BlackElo "965"]
[PlyCount "34"]
[EventDate "2000.??.??"]
[EventType "tourn (corr)"]
[EventRounds "4"]
[SourceTitle "Corr 2008"]
[Source "ChessBase"]
[SourceDate "2008.06.24"]
[SourceVersion "1"]
[SourceVersionDate "2008.06.24"]
[SourceQuality "1"]

1. e4 e5 2. Nf3 Nc6 3. Bb5 Nf6 4. 0-0 d5 5. exd5 Nxd5 6. Bxc6+ bxc6 7. Nxe5 Bb7 8. Re1 Be7 9. d4 c5 10. c4 Ba6 11. cxd5 Qxd5 12. Qf3 Bb7 13. Qxd5 Bxd5 14. Nc3 Bb7 15. dxc5 Bxc5 16. Ng6+ Kd7 17. Nxh8 Bb4 1-0

[Event "IECC CL7-2000.06"]
[Site "IECC email"]
[Date "1999.12.04"]
[Round "?"]
[White "Leino, Risto"]
[Black "Hofmann, Andreas"]
[Result "0-1"]
[WhiteElo "952"]
[BlackElo "1128"]
[PlyCount "66"]
[EventDate "2000.??.??"]
[EventType "tourn (corr)"]
[EventRounds "4"]
[SourceTitle "Corr 2008"]
[Source "ChessBase"]
[SourceDate "2008.06.24"]
[SourceVersion "1"]
[SourceVersionDate "2008.06.24"]
[SourceQuality "1"]

1. d4 d5 2. Nf3 Nf6 3. e3 e6 4. Bb5+ c6 5. Bd3 Bd6 6. Nc3 Nbd7 7. a3 a5 8. 0-0 0-0 9. Bd2 c5 10. dxc5 Nxc5 11. Nb5 Bb8 12. b4 Nxd3 13. cxd3 a4 14. Bc3 Bd7 15. Nbd4 Re8 16. Ne5 Bxe5 17. Nb5 Bxh2+ 18. Kxh2 Bxb5 19. Rc1 e5 20. Re1 e4 21. d4 Ra6 22. f4 exf3 23. Qxf3 Qd6+ 24. g3 Rc6 25. Kg1 Ne4 26. Bb2 Qxg3+ 27. Qxg3 Nxg3 28. Kg2 Rg6 29. Rc7 Ne4+ 30. Kh2 Nd2 31. Rec1 Bf1 32. Rc8 Nf3+ 33. Kh1 Bg2# 0-1

[Event "IECC Y2KO email"]
[Site "IECC email"]
[Date "1999.10.14"]
[Round "?"]
[White "Leino, Risto"]
[Black "Foch, Louis"]
[Result "0-1"]
[WhiteElo "945"]
[BlackElo "1647"]
[PlyCount "56"]
[EventDate "1999.??.??"]
[EventType "tourn (corr)"]
[EventRounds "2"]
[SourceTitle "Corr 2008"]
[Source "ChessBase"]
[SourceDate "2008.06.24"]
[SourceVersion "1"]
[SourceVersionDate "2008.06.24"]
[SourceQuality "1"]

1. d4 Nf6 2. c4 c5 3. d5 d6 4. Nc3 e5 5. Nf3 e4 6. Ng5 Bf5 7. f3 exf3 8. Nxf3 Na6 9. a3 Be7 10. e3 Ne4 11. Nxe4 Bxe4 12. Bd3 Bxd3 13. Qxd3 0-0 14. 0-0 Nc7 15. e4 Rb8 16. Bd2 Bf6 17. Bc3 Re8 18. Bxf6 Qxf6 19. h4 b5 20. Ng5 bxc4 21. Qd2 Qxb2 22. Qxb2 Rxb2 23. Rxf7 c3 24. Rff1 h6 25. Nf3 Rxe4 26. Rfd1 c2 27. Re1 Rxe1+ 28. Rxe1 Rb1 0-1